000 00768nam0a22002651 4500
001 RU\NLR\INFOCOMM10\ROSSICA\1000074347
005 20250613190559.0
035 _a(NLR Aleph) 009914549
090 _a10634995
_c10634995
100 _a20031021d1921 |||y0rusy50 ca
101 0 _apol
102 _aRU
_aUA
_aBY
105 _ay ||||000ay
200 1 _aJean Paul Marat i jego walka z kontrrewolucją
_e1743-13 lipca 1793
_fStiepanow, J.
210 _aMoskwa
_aKijów
_aMinsk
_aProletargród
_d1921
215 _d
600 1 _aMarat
_bJ.P.
_gJean Paul
_f1743-1793
_2PSBO
700 1 _aStiepanow
_bJ.
_4070
801 1 _aRU
_bInfoComm
_c20031021
801 0 _aRU
_bNLR
_gPSBO
852 _aNLR
_j26.21.4.170
942 _cBOOK
980 _aNB
980 _aRossica